Antología poética / (Record no. 120650)

MARC details
000 -LEADER
campo de control de longitud fija 00589nam a2200205 4500
001 - NÚMERO DE CONTROL
campo de control 120650
003 - IDENTIFICADOR DE NÚMERO DE CONTROL
campo de control ES-MaACL
005 - FECHA Y HORA DE LA ÚLTIMA TRANSACCIÓN
campo de control 20240528121525.0
007 - CAMPO FIJO DE DESCRIPCIÓN FÍSICA--INFORMACIÓN GENERAL
campo de control de longitud fija t|
008 - DATOS DE LONGITUD FIJA--INFORMACIÓN GENERAL
campo de control de longitud fija 070214s1973 sp r ||||1| spa d
100 1# - ENTRADA PRINCIPAL--NOMBRE DE PERSONA
Nombre de persona Pozzi, Antonia.
9 (RLIN) 93559
245 10 - MENCIÓN DEL TÍTULO
Título Antología poética /
Mención de responsabilidad, etc. Antonia Pozzi ; versión de Mariano Roldán.
250 ## - MENCION DE EDICION
Mención de edición 1ª ed.
260 ## - PUBLICACIÓN, DISTRIBUCIÓN, ETC.
Lugar de publicación, distribución, etc. Barcelona :
Nombre del editor, distribuidor, etc. Plaza Janés,
Fecha de publicación, distribución, etc. 1973.
300 ## - DESCRIPCIÓN FÍSICA
Extensión 206 p. ;
Dimensiones 19 cm.
500 ## - NOTA GENERAL
Nota general Texto bilingüe.
700 0# - ENTRADA AGREGADA--NOMBRE PERSONAL
Nombre de persona Roldán, Mariano,
Fechas asociadas al nombre 1932-2019
9 (RLIN) 99139
852 ## - LOCALIZACIÓN
Ubicación ES-MaACL
Número de control de estantería C-53475
Sublocalización o colección R.86501
Holdings
Estatus retirado Estado de pérdida Estado de daño No para préstamo Biblioteca de origen Biblioteca actual Ubicación en estantería Fecha de adquisición Fuente de adquisición Total de préstamos Signatura topográfica completa Código de barras Visto por última vez Precio de reemplazo Tipo de ítem Koha
        Biblioteca del Ateneo de Madrid Biblioteca del Ateneo de Madrid Depósito 2 17/01/2008     C-53475 1125757 23/02/2023 23/02/2023 Libro impreso